00576nam a22002057a 450000500170000001000110001702000100002803500110003803700160004904000120006508200160007710000200009324500610011326000410017427000290021530000230024450000190026765000540028665000300034020170124110056.0 a348190 c20.00 a348190 bCen Lib/Ret aDPLbEN a954.08bKUL aKulkarni, V. B. aBritish dominion in India and after /cby V. B. Kulkarni aBombaybBharatiya Vidya Bhavanc1964 aChawpatibBombaye400007 aix,452p.c21cm(Hb) aIncludes index aIndia -- History -- British occupation, 1765-1947 aIndia -- History -- 1947-